| 000 | 00460nam a22001457a 4500 | ||
|---|---|---|---|
| 005 | 20260303113622.0 | ||
| 008 | 260303b |||||||| |||| 00| 0 eng d | ||
| 020 | _a978-9966-57-597-5 | ||
| 100 | _aMAKARIO, BEVERLYNE | ||
| 245 | _aSPOTLIGHT ESSENTIAL MATHEMATICS: LEARNER'S BOOK GRADE 10 | ||
| 260 |
_aNAIROBI _bSPOTLIGHT PUBLISHERS (EA) LIMITED _c2025 |
||
| 300 | _aVI, 224P. | ||
| 650 | _aMATHEMATICS-TEXTBOOKS-SECONDARY EDUCATION-KENYA | ||
| 942 |
_2lcc _cBK |
||
| 999 |
_c216750 _d216750 |
||